Naturally occurring bioactive compounds / (Record no. 51245)
[ view plain ]
| 000 -LEADER | |
|---|---|
| fixed length control field | 00680nam a2200241Ia 4500 |
| 005 - DATE AND TIME OF LATEST TRANSACTION | |
| control field | 20260429111858.0 |
| 008 - FIXED-LENGTH DATA ELEMENTS--GENERAL INFORMATION | |
| fixed length control field | 260429s9999||||xx |||||||||||||| ||und|| |
| 020 ## - INTERNATIONAL STANDARD BOOK NUMBER | |
| International Standard Book Number | 9780444522412 |
| 041 ## - LANGUAGE CODE | |
| Language | English |
| 082 ## - DEWEY DECIMAL CLASSIFICATION NUMBER | |
| Classification number | 615.321 |
| Item number | RAI |
| 100 ## - MAIN ENTRY--PERSONAL NAME | |
| Personal name | Rai, Mahendra |
| 245 #0 - TITLE STATEMENT | |
| Title | Naturally occurring bioactive compounds / |
| Statement of responsibility, etc | Mahendra Rai |
| 260 ## - PUBLICATION, DISTRIBUTION, ETC. (IMPRINT) | |
| Place of publication, distribution, etc | Oxford : |
| Name of publisher, distributor, etc | Elsevier, |
| Date of publication, distribution, etc | 2006. |
| 300 ## - PHYSICAL DESCRIPTION | |
| Extent | xii, 502 p.; hb |
| 440 ## - SERIES STATEMENT/ADDED ENTRY--TITLE | |
| Title | advancess in phytomedicine vol 3 |
| 650 ## - SUBJECT ADDED ENTRY--TOPICAL TERM | |
| Topical term or geographic name as entry element | Medicinal chemistry |
| 650 ## - SUBJECT ADDED ENTRY--TOPICAL TERM | |
| Topical term or geographic name as entry element | Natural products |
| 650 ## - SUBJECT ADDED ENTRY--TOPICAL TERM | |
| Topical term or geographic name as entry element | Pharmacology |
| 650 ## - SUBJECT ADDED ENTRY--TOPICAL TERM | |
| Topical term or geographic name as entry element | Phytochemistry |
| 650 ## - SUBJECT ADDED ENTRY--TOPICAL TERM | |
| Topical term or geographic name as entry element | Bioactive compounds |
| 700 ## - ADDED ENTRY--PERSONAL NAME | |
| Personal name | Carpinella, Maria Cecilia |
| 942 ## - ADDED ENTRY ELEMENTS (KOHA) | |
| Koha item type | Text Books |
| Withdrawn status | Lost status | Damaged status | Not for loan | Collection code | Home library | Location | Shelving location | Date of Cataloging | Source of acquisition | Total Checkouts | Full call number | Barcode | Date last seen | Price effective from | Koha item type |
|---|---|---|---|---|---|---|---|---|---|---|---|---|---|---|---|
| Non-fiction | CUTN Central Library | CUTN Central Library | Medicine, Technology & Management | 29/04/2026 | Kiran Book Centre, Bengaluru - Invoice No. 302/25-26 on 11-02-2026 | 615.321 RAI | 56109 | 29/04/2026 | 29/04/2026 | Text Books |
